Responses for Show #3669 - Thursday, July 13, 2000

Contestants

[<< previous game]

Irwin Shires, a freight courier from Medina, Ohio

Karen Ronsivalle, a homemaker from Timonium, Maryland

Catherine Young, an editor from Halifax, Nova Scotia

[next game >>]

Jeopardy! Round responses

WOMEN: WRITE ON!
WHO'S WHO IN SPORTS
MOVIE L.A.
LET'S TAKE A LITTLE TRIP
HISPANICA
B__D
(Alex: Each response will have that form; it'll be 3 letters: a "B", another letter, and a "D".)
    $100 1
Sue Grafton

Catherine
    $100 18
Tommy Lasorda

Irwin
    $100 5
20th Century Fox

Irwin
    $100 6
the Concorde

Karen
    $100 24
(Alex: ¡Sí!)

Venezuela

Catherine
    $100 11
Bud

Irwin
    $200 2
Barbara

Catherine
    $200 19
Jack Nicklaus

Catherine
    $200 10
Variety

Irwin
    $200 7
Amelia Earhart

Catherine
    $200 27
Cuba

Karen
    $200 12
bed

Catherine
    $300 3
Ayn Rand

Karen
    $300 20
Bjorn Borg

Irwin
    $300 9
the Screen Actors Guild

Catherine
    $300 13
(Catherine: What is the South Pole?)

the North Pole

CatherineIrwin
    $300 28
Roberto Clemente

Catherine
    $300 15
bad

Karen
    $400 4
Colleen McCullough

Catherine
    $400 21
Don King

Irwin
    $400 14
(Catherine: Who was D.W. Griffith?)

Cecil B. DeMille

CatherineKaren
    $400 8
Nellie Bly

Catherine
    $2,000 29
[The end-of-round signal sounds.]

Juan Valdez

Catherine
    $400 16
bid

Catherine
    $500 17
Isabel Allende

Catherine
    $500 22
David Robinson

Catherine
    $500 26
A&M Records

Catherine
    $500 25
Howard Hughes

Irwin
    $500 23
(Catherine: What is BAD?)
...
(Alex: Less than a minute to go.)

BVD

CatherineKaren

Scores at the first commercial break (after clue 15):

Catherine Karen Irwin
$1,100 $1,100 $700

Scores at the end of the Jeopardy! Round:

Catherine Karen Irwin
$5,100 $1,800 $2,000

Double Jeopardy! Round responses

GLOBIN'
FAMOUS FOR 15 MINUTES
SCIENCE CLASS
4-LETTER FILMS
REVOLUTIONARIES
"HOLY" COW!
    $200 11
British Columbia

Catherine
    $200 13
Joey Buttafuoco

Irwin
    $200 18
(Karen: What is kelvin?)
(Alex: A kelvin what?)
(Karen: Kelvin degree?)

absolute zero (or zero kelvins)

CatherineKaren
    $200 6
Antz

Irwin
    $200 30
Quebec

Catherine
    $200 1
Evander Holyfield

Irwin
    $400 12
Liberia

Karen
    $400 14
Kato Kaelin

Irwin
    $400 19
conchology

Triple Stumper
    $400 7
Jaws

Catherine
    $400 29
South Africa

Irwin
    $400 2
holy war

Catherine
    $600 21
Osaka

Irwin
    $600 15
John Carpenter

Catherine
    $4,000 20
recombinant

Catherine
    $600 8
Fame

Karen
    $4,000 28
(Alex: You are correct!)

Philippines

Catherine
    $600 3
Holy Roman Emperor

Catherine
    $800 22
(Catherine: What is the Gulf of Aqaba?)

the Persian Gulf

CatherineIrwin
    $800 16
Gennifer Flowers

Catherine
    $800 24
Dmitri Mendeleev

Catherine
    $800 9
Dave

Karen
    $800 25
(Catherine: Who is Lenin?)

Leon Trotsky

CatherineIrwin
    $800 4
(Catherine: ...Shroud of Turin?)

the Holy Grail

CatherineIrwin
    $1000 23
Angola

Catherine
    $1000 17
Darva Conger

Karen
    $1000 26
an annular eclipse

Irwin
    $1000 10
Rush

Irwin
    $1000 27
Cyprus

Catherine
    $1000 5
the Holy See

Catherine

Scores at the end of the Double Jeopardy! Round:

Catherine Karen Irwin
$17,900 $4,400 $8,400
(lock game)

[wagering suggestions for these scores]

Final Jeopardy! Round responses

THE MARS PATHFINDER MISSION
(Alex: Oh boy, I hope you're up on that!)
(Alex: Women are not fans of the Three Stooges, guys are!)
KarenWhat is Ringo Starr?
$4,001
IrwinWhat is Moe?
$8,400
CatherineWhat is Ringo???
$500
Moe (Moe Howard of the Three Stooges)

Final scores:

Catherine Karen Irwin
$17,400 $399 $16,800
New champion: $17,400 3rd place: a pair of Samsung TV/VCR combos 2nd place: an Art.com gift certificate

Game dynamics:

Coryat scores:

Catherine Karen Irwin
$9,500 $4,400 $8,400
29 R
(including 3 DDs),
6 W
10 R,
1 W
19 R,
0 W

Combined Coryat: $22,300

[game clues] [game scores] [suggest correction]

Game tape date: 2000-04-12
The J! Archive is created by fans, for fans. Scraping, republication, monetization, and malicious use prohibited; this site may use cookies and collect identifying information. See terms. The Jeopardy! game show and all elements thereof, including but not limited to copyright and trademark thereto, are the property of Jeopardy Productions, Inc. and are protected under law. This website is not affiliated with, sponsored by, or operated by Jeopardy Productions, Inc. Join the discussion at JBoard.tv.